Inovačné stratégie spoločnosti Jungheinrich na návšteve výrobného závodu a vývojového strediska v Norderstedte

Podrobná bibliografia
Hlavný autor: Nemeček, Miloš (Autor)
Médium: Článok
Jazyk:slovenčina
ISSN:1337-0138
Predmet:

MARC

LEADER 00000nab a2200000 ar4500
001 vtls009161262
003 SK-MaSNL
005 20260303063318.0
008 071121c2007 xo mr|p|||||||000 b|slo
015 |a SNBRB2007/11  |2 snkbucl 
038 |a SNKBUCL 
040 |a SNKBUCL  |b slo  |c SNKBUCL  |e AACR2 
041 0 |a slo 
044 |a xo  |c SK 
080 |a 621.868.27:061.5(430)  |2 2001 
100 1 |a Nemeček, Miloš  |4 aut  |9 268184 
245 1 0 |a Inovačné stratégie spoločnosti Jungheinrich  |b na návšteve výrobného závodu a vývojového strediska v Norderstedte  |c Miloš Nemeček 
610 2 7 |a Jungheinrich (Nemecko)  |2 snkbucl  |9 1060325 
650 0 7 |a vysokozdvižné vozíky  |2 snkbucl  |9 30838 
773 0 |t Doprava a logistika  |g Roč. 2., č. 11 (2007), s. 49  |x 1337-0138 
852 |a SNK  |b KIS3GCP 
958 |a DE 
999 |c 1742546  |d 1744476